[Event "BCF-chT3 0910 (4NCL)"]
[Site "England"]
[Date "2010.05.02"]
[Round "10.5"]
[White "Stayt, James N"]
[Black "Truman, Richard G"]
[Result "1-0"]
[WhiteElo "1996"]
[BlackElo "2015"]
[PlyCount "73"]
[EventDate "2009.10.24"]
[EventType "team-tourn"]
[EventRounds "11"]
[EventCountry "ENG"]
[SourceTitle "EXT 2011"]
[Source "ChessBase"]
[SourceDate "2010.11.26"]
[SourceVersion "1"]
[SourceVersionDate "2010.11.26"]
[SourceQuality "1"]
[WhiteTeam "AMCA Rhinos"]
[BlackTeam "Nottinghamshire"]
[WhiteTeamCountry "ENG"]
[BlackTeamCountry "ENG"]

1. e4 c5 2. c3 Nf6 3. e5 Nd5 4. d4 cxd4 5. cxd4 e6 6. Nf3 b6 7. Nc3 Nxc3 8. bxc3 Qc7 9. Qb3 d6 10. Bf4 Nd7 11. Be2 Bb7 12. 0-0 Be7 13. Rac1 0-0 14. Rfd1 dxe5 15. Nxe5 Bd6 16. Nxd7 Bxf4 17. Nxf8 Bxc1 18. Nxe6 Qe7 19. Rxc1 Qxe6 20. Qxe6 fxe6 21. c4 Rd8 22. Rd1 Ba6 23. Kf1 Kf7 24. f4 Kf6 25. Kf2 g5 26. fxg5+ Kxg5 27. Ke3 h6 28. Rc1 Rc8 29. c5 Bxe2 30. Kxe2 Kf4 31. Kd3 bxc5 32. dxc5 Ke5 33. Kc4 Rb8 34. Rc2 a6 35. Re2+ Kf6 36. c6 Ke7 37. Rd2 1-0